<?xml version="1.0" encoding="UTF-8"?>
<record
    xmlns:xsi="http://www.w3.org/2001/XMLSchema-instance"
    xsi:schemaLocation="http://www.loc.gov/MARC21/slim http://www.loc.gov/standards/marcxml/schema/MARC21slim.xsd"
    xmlns="http://www.loc.gov/MARC21/slim">

  <leader>02095nam a2200277 i 4500</leader>
  <controlfield tag="003">DO-SdBNP</controlfield>
  <controlfield tag="005">20231103135430.0</controlfield>
  <controlfield tag="006">a||||gr|||| 00| 0 </controlfield>
  <controlfield tag="007">ta</controlfield>
  <controlfield tag="008">231101t1996    dr ||||| |||| 00| 0 spa d</controlfield>
  <datafield tag="040" ind1=" " ind2=" ">
    <subfield code="a">DO-SdBNP</subfield>
    <subfield code="b">spa</subfield>
    <subfield code="c">BNPHU</subfield>
    <subfield code="e">rda</subfield>
  </datafield>
  <datafield tag="082" ind1=" " ind2="4">
    <subfield code="2">22</subfield>
    <subfield code="b">P953s</subfield>
  </datafield>
  <datafield tag="111" ind1="1" ind2=" ">
    <subfield code="a">Simposio Dominicano de Lengua Espa&#xF1;ola</subfield>
    <subfield code="n">(1.:</subfield>
    <subfield code="d">1994:</subfield>
    <subfield code="c">Santo Domingo)</subfield>
    <subfield code="j">autor</subfield>
    <subfield code="9">84558</subfield>
  </datafield>
  <datafield tag="245" ind1="1" ind2="0">
    <subfield code="a">Primer simposio dominicano de lengua espa&#xF1;ola:</subfield>
    <subfield code="b">ponencias. /</subfield>
    <subfield code="c">Pr&#xF3;logo, Ricardo D&#xED;ez-Hochleitner.</subfield>
  </datafield>
  <datafield tag="264" ind1=" " ind2="4">
    <subfield code="a">Santo Domingo :</subfield>
    <subfield code="b">Centro Cultural Hisp&#xE1;nico-ICI,</subfield>
    <subfield code="c">1996</subfield>
  </datafield>
  <datafield tag="300" ind1=" " ind2=" ">
    <subfield code="a">132 p&#xE1;ginas ;</subfield>
    <subfield code="c">23 cm.</subfield>
  </datafield>
  <datafield tag="336" ind1=" " ind2=" ">
    <subfield code="2">rdacontent</subfield>
    <subfield code="a">texto</subfield>
    <subfield code="b">txt</subfield>
  </datafield>
  <datafield tag="337" ind1=" " ind2=" ">
    <subfield code="2">rdamedia</subfield>
    <subfield code="a">sin mediaci&#xF3;n</subfield>
    <subfield code="b">n</subfield>
  </datafield>
  <datafield tag="338" ind1=" " ind2=" ">
    <subfield code="2">rdacarrier</subfield>
    <subfield code="a">volumen</subfield>
    <subfield code="b">nc</subfield>
  </datafield>
  <datafield tag="500" ind1=" " ind2=" ">
    <subfield code="a">Incluye bibliograf&#xED;a y notas al pie de p&#xE1;ginas</subfield>
  </datafield>
  <datafield tag="504" ind1=" " ind2=" ">
    <subfield code="a">Bibliograf&#xED;as, p&#xE1;ginas 78 - 84 y 131 - 32.</subfield>
  </datafield>
  <datafield tag="505" ind1=" " ind2=" ">
    <subfield code="a">Pr&#xF3;logo.-- Presentaci&#xF3;n.</subfield>
    <subfield code="t">Palabras con motivo de la inauguraci&#xF3;n del Simposio Dominicano de Lengua Espa&#xF1;ola, /</subfield>
    <subfield code="r">Enrique Sard&#xE1; Valls.--</subfield>
    <subfield code="t">Palabras de la Secretaria de Educaci&#xF3;n, /</subfield>
    <subfield code="r">Lic. Jacqueline Malag&#xF3;n.--</subfield>
    <subfield code="t">Palabras de Virginia Fern&#xE1;ndez, /</subfield>
    <subfield code="r">Directora del Centro Cultural Hisp&#xE1;nico.--</subfield>
    <subfield code="t">La defensa de la ense&#xF1;anza del espa&#xF1;ol, /</subfield>
    <subfield code="r">Obdulia Garc&#xED;a.-- </subfield>
    <subfield code="t">Espa&#xF1;ol de Espa&#xF1;a y espa&#xF1;ol de Am&#xE9;rica, /</subfield>
    <subfield code="r">Maximiliano A. Jim&#xE9;nez Sabater.--</subfield>
    <subfield code="t">La norma ling&#xFC;&#xED;stica y el espa&#xF1;ol dominicano, /</subfield>
    <subfield code="r">Dra. Irene P&#xE9;rez Guerra.--</subfield>
    <subfield code="t">La utilizaci&#xF3;n de la lengua espa&#xF1;ola en los medios de comunicaci&#xF3;n dominicanos, /</subfield>
    <subfield code="r">Nexcy de Le&#xF3;n.--</subfield>
    <subfield code="t">El lenguaje de la publicidad en la Rep&#xFA;blica Dominicana, /</subfield>
    <subfield code="r">Freddy Ort&#xED;z.--</subfield>
    <subfield code="t">La prosa dominicana en el siglo XX (1900 - 1950), /</subfield>
    <subfield code="r">Manuel N&#xFA;&#xF1;ez.--</subfield>
    <subfield code="t">Lengua y Literatura en la educaci&#xF3;n dominicana. Su ense&#xF1;anza, /</subfield>
    <subfield code="r">Ciana D. Mart&#xED;nez Valdez.--</subfield>
    <subfield code="t">El lenguaje pol&#xED;tico, /</subfield>
    <subfield code="r">Rafael Gonz&#xE1;lez Tirado.--</subfield>
    <subfield code="t">El Instituto Cervantes: presente y futuro del espa&#xF1;ol dominicano en la mundo, /</subfield>
    <subfield code="r">Jos&#xE9; Ma. de Tom&#xE1;s Puch.--</subfield>
    <subfield code="t">Historia del espa&#xF1;ol dominicano, /</subfield>
    <subfield code="r">Micaela Carrera de la Red.</subfield>
  </datafield>
  <datafield tag="590" ind1=" " ind2=" ">
    <subfield code="a">Inventariado 2023 / MF</subfield>
  </datafield>
  <datafield tag="700" ind1="1" ind2=" ">
    <subfield code="a">D&#xED;ez-Hochleitner, Ricardo,</subfield>
    <subfield code="e">pr&#xF3;logo</subfield>
    <subfield code="9">84559</subfield>
  </datafield>
  <datafield tag="942" ind1=" " ind2=" ">
    <subfield code="2">ddc</subfield>
    <subfield code="c">LBS1</subfield>
  </datafield>
  <datafield tag="952" ind1=" " ind2=" ">
    <subfield code="0">0</subfield>
    <subfield code="1">0</subfield>
    <subfield code="2">ddc</subfield>
    <subfield code="5">1</subfield>
    <subfield code="7">0</subfield>
    <subfield code="8">PD</subfield>
    <subfield code="a">BNPHU</subfield>
    <subfield code="b">BNPHU</subfield>
    <subfield code="c">CT</subfield>
    <subfield code="d">2014-12-01</subfield>
    <subfield code="e">Donado por Barbara Suncar</subfield>
    <subfield code="l">0</subfield>
    <subfield code="o">P953s</subfield>
    <subfield code="p">2023-7517</subfield>
    <subfield code="r">2023-11-01</subfield>
    <subfield code="w">2023-11-01</subfield>
    <subfield code="y">LBS1</subfield>
  </datafield>
  <datafield tag="999" ind1=" " ind2=" ">
    <subfield code="c">55361</subfield>
    <subfield code="d">55361</subfield>
  </datafield>
</record>
